Women's human rights : (Record no. 1625)

MARC details
000 -LEADER
fixed length control field 01026cam a22003134a 4500
001 - CONTROL NUMBER
control field ocm57423491
003 - CONTROL NUMBER IDENTIFIER
control field TZ-ArACH
005 - DATE AND TIME OF LATEST TRANSACTION
control field 20120322140334.0
008 - FIXED-LENGTH DATA ELEMENTS--GENERAL INFORMATION
fixed length control field 040601s2002 xxua 000 0 eng
010 ## - LIBRARY OF CONGRESS CONTROL NUMBER
LC control number 2004274554
020 ## - INTERNATIONAL STANDARD BOOK NUMBER
International Standard Book Number 1890832065
020 ## - INTERNATIONAL STANDARD BOOK NUMBER
International Standard Book Number 9781890832063
035 ## - SYSTEM CONTROL NUMBER
System control number (OCoLC)57423491
040 ## - CATALOGING SOURCE
Original cataloging agency DLC
Transcribing agency TZ-ArACH
Modifying agency AID
-- BAKER
-- BTCTA
-- YDXCP
041 ## - LANGUAGE CODE
Language code of text/sound track or separate title Eng
042 ## - AUTHENTICATION CODE
Authentication code pcc
049 ## - LOCAL HOLDINGS (OCLC)
Holding library TZAA
050 00 - LIBRARY OF CONGRESS CALL NUMBER
Classification number K644
Item number .S39
082 00 - DEWEY DECIMAL CLASSIFICATION NUMBER
Classification number 342.08/78
Edition number 22
100 1# - MAIN ENTRY--PERSONAL NAME
Personal name Schuler, Margaret.
9 (RLIN) 4956
245 10 - TITLE STATEMENT
Title Women's human rights :
Remainder of title step by step strategy workbook /
Statement of responsibility, etc Margaraet Schuler.
260 ## - PUBLICATION, DISTRIBUTION, ETC. (IMPRINT)
Place of publication, distribution, etc [United States?] :
Name of publisher, distributor, etc Women, Law & Development International,
Date of publication, distribution, etc c2002.
300 ## - PHYSICAL DESCRIPTION
Extent 94 p. :
Other physical details ill. ;
Dimensions 26 cm.
650 #0 - SUBJECT ADDED ENTRY--TOPICAL TERM
Topical term or geographic name as entry element Women
General subdivision Legal status, laws, etc.
9 (RLIN) 4957
650 #0 - SUBJECT ADDED ENTRY--TOPICAL TERM
Topical term or geographic name as entry element Women's rights.
9 (RLIN) 4958
710 2# - ADDED ENTRY--CORPORATE NAME
Corporate name or jurisdiction name as entry element Women, Law & Development International.
9 (RLIN) 4959
942 ## - ADDED ENTRY ELEMENTS (KOHA)
Source of classification or shelving scheme Library of Congress Classification
Koha item type Books
Holdings
Home library Current library Shelving location Date acquired Full call number Barcode Koha item type
African Court on Human and Peoples' Rights Library African Court on Human and Peoples' Rights Library   22/03/2012 K644 .S39 1001800X Books

African Court on Human and Peoples' Rights | For Inquiries Contact » +255 272 510 510